Fundamentals of database systems (Record no. 142345)

MARC details
000 -LEADER
fixed length control field 00389nam a2200157Ia 4500
008 - FIXED-LENGTH DATA ELEMENTS--GENERAL INFORMATION
fixed length control field 230917s9999||||xx |||||||||||||| ||und||
040 ## - CATALOGING SOURCE
-- 119854
Original cataloging agency VIVEKANANDA LIBRARY
041 ## - Language
-- English
082 ## - DDC NUMBER
Classification number 005.74 E61F
100 ## - MAIN ENTRY--PERSONAL NAME
Personal name Elmasri, Ramez
245 #0 - TITLE STATEMENT
Title Fundamentals of database systems
250 ## - EDITION STATEMENT
Edition statement 5th ed.
260 ## - PUBLICATION, DISTRIBUTION, ETC. (IMPRINT)
Place of publication, distribution, etc New Delhi
Name of publisher, distributor, etc Pearson Edication
Date of publication, distribution, etc 2008
300 ## - PHYSICAL DESCRIPTION
Pages 1143 p.
942 ## - ADDED ENTRY ELEMENTS (KOHA)
Koha item type Books
Holdings
Withdrawn status Lost status Damaged status Not for loan Location (home branch) Sublocation or collection (holding branch) Date acquired Koha issues (times borrowed) Koha full call number Accession No. Koha date last seen Koha item type
        VIVEKANANDA LIBRARY VIVEKANANDA LIBRARY 07/12/2008   005.74 E61F 251975 17/09/2023 Books
        VIVEKANANDA LIBRARY VIVEKANANDA LIBRARY 07/12/2008   005.74 E61F 251976 17/09/2023 Books
        VIVEKANANDA LIBRARY VIVEKANANDA LIBRARY 07/12/2008   005.74 E61F 251977 17/09/2023 Books
        VIVEKANANDA LIBRARY VIVEKANANDA LIBRARY 07/12/2008   005.74 E61F 251978 17/09/2023 Books
        VIVEKANANDA LIBRARY VIVEKANANDA LIBRARY 07/12/2008   005.74 E61F 251979 17/09/2023 Books
        VIVEKANANDA LIBRARY VIVEKANANDA LIBRARY 07/12/2008   005.74 E61F 251980 17/09/2023 Books
        VIVEKANANDA LIBRARY VIVEKANANDA LIBRARY 07/12/2008   005.74 E61F 251981 17/09/2023 Books
        VIVEKANANDA LIBRARY VIVEKANANDA LIBRARY 07/12/2008   005.74 E61F 251982 17/09/2023 Books
        VIVEKANANDA LIBRARY VIVEKANANDA LIBRARY 07/12/2008   005.74 E61F 251983 17/09/2023 Books
        VIVEKANANDA LIBRARY VIVEKANANDA LIBRARY 07/12/2008   005.74 E61F 251984 17/09/2023 Books
        VIVEKANANDA LIBRARY VIVEKANANDA LIBRARY 07/12/2008   005.74 E61F 251985 17/09/2023 Books
        VIVEKANANDA LIBRARY VIVEKANANDA LIBRARY 07/12/2008   005.74 E61F 251986 17/09/2023 Books
        VIVEKANANDA LIBRARY VIVEKANANDA LIBRARY 07/12/2008   005.74 E61F 251987 17/09/2023 Books
        VIVEKANANDA LIBRARY VIVEKANANDA LIBRARY 07/12/2008   005.74 E61F 251988 17/09/2023 Books
        VIVEKANANDA LIBRARY VIVEKANANDA LIBRARY 07/12/2008   005.74 E61F 251989 17/09/2023 Books
        VIVEKANANDA LIBRARY VIVEKANANDA LIBRARY 07/12/2008   005.74 E61F 251990 17/09/2023 Books
        VIVEKANANDA LIBRARY VIVEKANANDA LIBRARY 07/12/2008   005.74 E61F 251991 17/09/2023 Books
        VIVEKANANDA LIBRARY VIVEKANANDA LIBRARY 07/12/2008   005.74 E61F 251992 17/09/2023 Books
        VIVEKANANDA LIBRARY VIVEKANANDA LIBRARY 07/12/2008   005.74 E61F 251993 17/09/2023 Books
        VIVEKANANDA LIBRARY VIVEKANANDA LIBRARY 07/12/2008   005.74 E61F 251994 17/09/2023 Books
© Designed and Maintained by Vivekananda Library, MDU Rohtak